00459nam a2200169Ia 4500001001000000003000500010008004100015010001100056040000900067082001900076100002800095245006600123260003600189300001100225440003900236650001400275Para_6193CHAP220125s1893 xx 000 0 und d a204813 cCHAP aPA-C 595.6 B65 aBollman, Charles Harvey aThe Myriapoda of North America /c by Charles Harvey Bollman aWashington :b National Museum a210 p. aU. S. National Museum Bulletin; 46 aMyriapoda